Translated German-Speaking Cities #1 - Statistics

General Stats
  • This quiz has been taken 136 times
  • The average score is 13 of 22
Answer Stats
Word-for-word Translation
Actual Name
% Correct
Eating Essen
90%
Salt Castle Salzburg
87%
Francis Ford Frankfurt
84%
Man Home Mannheim
84%
Bathing Bathing Baden-Baden
80%
Free Castle Freiburg
80%
Minster Münster
75%
Keel Kiel
74%
There Mouth Dortmund
72%
Rain's Castle Regensburg
69%
Roses Home Rosenheim
64%
Charles' Rest Karlsruhe
59%
Eye's Castle Augsburg
55%
Iron City Eisenstadt
52%
Brown Hush Braunschweig
51%
Viennese New City Wiener Neustadt
50%
Idiot Village Düsseldorf
39%
Intestine City Darmstadt
31%
Meadow Bathing Wiesbaden
29%
Mosquitos Churches Gelsenkirchen
27%
Fire Castle Brandenburg
19%
Saint Biles Sankt Gallen
12%
No matching quizzes found
Score Distribution
Percent of People with Each Score
Percentile by Number Answered
Your Score History
You have not taken this quiz